00494nam a22001697a 450000500170000001000150001702000270003203500140005903700130007308200110008624500320009725000060012926000780013527000850021330000230029870000030032120240130144923.0 aENG-139091 a9789354095443c2680.00 aEN-122623 bDBAD/PUB a92021 aMoods, Moments And Memories a1 aNew DelhibDierctor Gerenal, Ministry of Information & Broadcastingc2022 aGorvernment of India, Soochna Bhawan, CGO Complex, Lodhi RoadbNew Delhie110003 a313 p.c30 cm(hbk)